| 000 | 01576cam a22003977a 4500 | ||
|---|---|---|---|
| 003 | CHAP | ||
| 005 | 20220817043228.0 | ||
| 008 | 971013s1989 r 10010 d | ||
| 010 | _a69062 | ||
| 011 | _a70034 | ||
| 035 | _a79513 | ||
| 040 | _cCHAP | ||
| 082 |
_a632 _bC6 1989 |
||
| 111 | 0 | 0 |
_aCongreso Nacional de Fitopatología ( _n16 _d: 1989 _c: Montecillo, Méx.) _926977 |
| 245 | 0 | _aMemorias | |
| 260 |
_aChapingo, Méx. : _bColegio de Postgraduados, _c[1989] |
||
| 300 |
_a182 p. _b: ilus.; gráfs. |
||
| 590 |
_aBATCH-UPD _b10 _c20130110 _lUCH01 _h0326 |
||
| 590 |
_aBATCH-UPD _b10 _c20130110 _lUCH01 _h1733 |
||
| 590 |
_aBATCH-UPD _b10 _c20130409 _lUCH01 _h2359 |
||
| 590 |
_aBATCH-UPD _b10 _c20130410 _lUCH01 _h1515 |
||
| 590 |
_aBATCH-UPD _b10 _c20130914 _lUCH01 _h1007 |
||
| 590 |
_aCONVERSION _b10 _c20130109 _lUCH01 _h1338 |
||
| 650 | 1 | 4 |
_aFitopatología _xCongresos. _941165 |
| 650 | 1 | 4 |
_aFitopatología _xInvestigación _xMéxico. _941172 |
| 710 | 0 |
_aColegio de Postgraduados. Chapingo, Méx. _925068 |
|
| 710 | 0 | _aConsejo Nacional de Ciencia y Tecnología. México. | |
| 710 | 0 |
_aSociedad Mexicana de Fitopatología. _9108088 |
|
| 901 | _aBK | ||
| 942 | _cLIBRO | ||
| 949 |
_a632 C6 1989 _bBC _cCONG _d-32402 _eCONG _h76010 _i79513 _mD _si |
||
| 949 |
_a632 C6 1989 _bBC _cLIBRO _d33724000084570 _eLIBRO _fc.5 _h90059 _i79513 _si |
||
| 949 |
_a632 C6 1989 _bBC _cLIBRO _d33724000174413 _eLIBRO _fc.2 _h83261 _i79513 _si |
||
| 949 |
_a632 C6 1989 _bBC _cLIBRO _d33724000174421 _eLIBRO _fc.3 _h83262 _i79513 _si |
||
| 949 |
_a632 C6 1989 _bBC _cLIBRO _d33724000174439 _eLIBRO _fc.4 _h83263 _i79513 _si |
||
| 999 |
_c69062 _d69062 |
||